Statistiques concernant Les finalistes de la Ligue des Champions depuis 1956

Cliquez ici pour prendre le quiz!

Statistiques générales

  • Ce quiz a été pris 1 964 fois
    (979 depuis la dernière actualisation)
  • Le résultat moyen est 27 sur 42

Statistiques - réponses

#Vainqueur% Correct
17Real Madrid
100%
11Bayern Munich
99%
8FC Barcelone
99%
6Inter Milan
98%
10Liverpool FC
98%
2Manchester City
98%
2Olympique de Marseille
98%
1Paris Saint-Germain
98%
11AC Milan
97%
3Chelsea FC
97%
2Borussia Dortmund
96%
5Manchester United
96%
9Juventus
95%
3Atlético de Madrid
91%
2FC Porto
89%
1Tottenham Hotspur
85%
1Arsenal FC
84%
6Ajax Amsterdam
83%
7Benfica Lisbonne
83%
1AS Monaco
74%
2Stade de Reims
69%
1Etoile Rouge Belgrade
66%
1PSV Eindhoven
66%
1Aston Villa
65%
1Bayer 04 Leverkusen
63%
2Nottingham Forest
63%
2Celtic Glasgow
62%
2Valence CF
57%
2Steaua Bucarest
54%
1AS Saint-Étienne
53%
1Feyenoord Rotterdam
52%
2Hambourg SV
52%
1AS Rome
28%
1ACF Fiorentina
23%
1Leeds United
18%
1UC Sampdoria
17%
1Club Bruges
16%
1Eintracht Francfort
13%
1Borussia Mönchengladbach
9%
1Malmö FF
9%
1Panathinaïkos
7%
1Partizan Belgrade
6%

Distribution des résultats

Percentile par nombre de réponses

% des personnes avec chaque résultat

Votre développement - résultats

Vous n’avez pas pris ce quiz depuis la dernière actualisation